[Event "Snorlax # 19"]
[Site "SchemingMind.com"]
[Date "2009.02.09"]
[Round "-"]
[White "Phillip Beckett"]
[Black "mapache"]
[Result "0-1"]
[WhiteCountry "ENG"]
[BlackCountry "URU"]
[WhiteElo "1608"]
[WhiteRD "59"]
[BlackElo "1865"]
[BlackRD "88"]
[GameID "191594"]

1. d4 Nf6 2. e3 d5 3. Bd3 g6 4. Nd2 Bg7 5. f4 Nc6 6. c3 O-O 7. Ngf3 e6 8. O-O a6 9. Ne5 Nxe5 10. fxe5 Nd7
11. e4 c5 12. exd5 exd5 13. Nf3 c4 14. Bc2 Re8 15. Bg5 Qb6 16. Qd2 Nf8 17. Ba4 Bd7 18. Bxd7 Nxd7 19. Bh6 Re7 20. Bxg7 Kxg7
21. Ng5 Nxe5 22. Kh1 Nd7 23. Qf4 Rf8 24. Rab1 h6 25. Nh3 Re2 26. Rf2 Rxf2 27. Qxf2 Nf6 28. Nf4 Ne4 29. Qc2 Qd6 30. Rf1 b5
31. Nh3 Re8 32. Qc1 Nf6 33. Re1 Ng4 34. g3 Rxe1+ 35. Qxe1 Qe6 36. Qxe6 fxe6 37. Kg1 Ne3 38. Nf4 Kf6 39. Ne2 a5 40. b3 cxb3
41. axb3 a4 42. bxa4 bxa4 43. Nc1 a3 44. Na2 Kf5 45. Kf2 Ke4 46. Nb4 Nd1+
0-1

[Event "Snorlax # 19"]
[Site "SchemingMind.com"]
[Date "2009.02.14"]
[Round "-"]
[White "norlavuaram"]
[Black "MarketTheHay"]
[Result "1-0"]
[WhiteCountry "PER"]
[BlackCountry "ENG"]
[WhiteElo "1795"]
[WhiteRD "87"]
[BlackElo "1874"]
[BlackRD "67"]
[GameID "191605"]

1. e4 e6 2. d4 d5 3. Nd2 Nf6 4. e5 Nfd7 5. Bd3 c5 6. c3 Nc6 7. Ne2 c4 8. Bc2 b5 9. O-O a5 10. f4 Qb6
11. Kh1 h5 12. f5 Bb7 13. fxe6 fxe6 14. Bg6+ Kd8 15. Nf4 Ne7 16. Bxh5 g6 17. Bxg6 Nxg6 18. Nxg6 Rg8 19. Nxf8 Rxf8 20. Rxf8+ Nxf8
21. Qh5 Kc7 22. Nf3 b4 23. Bd2
1-0

[Event "Snorlax # 19"]
[Site "SchemingMind.com"]
[Date "2009.02.09"]
[Round "-"]
[White "norlavuaram"]
[Black "keen"]
[Result "1-0"]
[WhiteCountry "PER"]
[BlackCountry "SCO"]
[WhiteElo "1795"]
[WhiteRD "87"]
[BlackElo "1671"]
[BlackRD "56"]
[GameID "191606"]

1. e4 e5 2. Nf3 Nc6 3. Bb5 Nf6 4. O-O a6 5. Ba4 b5 6. Bb3 Be7 7. Re1 O-O 8. c3 Na5 9. Bc2 d6 10. h3 h6
11. d4 Bb7 12. d5 Nd7 13. Nbd2 f5 14. Nf1 fxe4 15. Bxe4 Nf6 16. Ng3 Nxe4 17. Nxe4 Nc4 18. b3 Nb6 19. c4 bxc4 20. bxc4 Nxc4
21. Rb1 Nb6 22. Nc3 Rb8 23. Qd3 Nd7 24. Be3 Qe8 25. Ba7 Nc5 26. Bxc5 dxc5 27. Nxe5 Rf6 28. Nc4 Qf8 29. d6 cxd6 30. Rxb7 Rxb7
31. Qd5+ Kh8 32. Qxb7 Rf7 33. Qb2 Bh4 34. Rf1 Rf4 35. Ne3 Rb4 36. Qe2 Qb8 37. Ned5 Rb2 38. Qxa6 Qf8 39. f4 Qf5 40. Qa8+ Kh7
41. Ne3 Qe6 42. Ncd5 Bg3 43. Qf8 Qe4 44. Qf5+
1-0

[Event "Snorlax # 19"]
[Site "SchemingMind.com"]
[Date "2009.02.10"]
[Round "-"]
[White "norlavuaram"]
[Black "Joe Daudish"]
[Result "1/2-1/2"]
[WhiteCountry "PER"]
[BlackCountry "USA"]
[WhiteElo "1786"]
[WhiteRD "112"]
[BlackElo "1720"]
[BlackRD "45"]
[GameID "191607"]

1. e4 e6 2. d4 d5 3. Nd2 dxe4 4. Nxe4 Be7 5. Nf3 Nf6 6. Bd3 Nbd7 7. O-O Nxe4 8. Bxe4 Nf6 9. Bd3 O-O 10. c3 b6
11. Qc2 h6 12. Nd2 Bb7 13. Re1 c5 14. dxc5 Bxc5 15. Nb3 Bd6 16. Be3 Qc7 17. h3 Rad8 18. Rad1 a5 19. Nd4 Bc5 20. Nb3 Bxe3
21. Rxe3 Rd5 22. Rde1 Rg5 23. Bf1 Rd8 24. Nd2 Qf4 25. Nf3 Bxf3 26. g3 Qc7 27. Rxf3 Qc5 28. Bg2 Nh5 29. Kh2 Nf6 30. Rfe3 Rf5
31. R1e2 Nd5 32. Rd3 Rc8 33. Bxd5 Rxd5 34. Rxd5=
1/2-1/2

[Event "Snorlax # 19"]
[Site "SchemingMind.com"]
[Date "2009.02.09"]
[Round "-"]
[White "norlavuaram"]
[Black "aadaam"]
[Result "1-0"]
[WhiteCountry "PER"]
[BlackCountry "INT"]
[WhiteElo "1786"]
[WhiteRD "112"]
[BlackElo "1753"]
[BlackRD "46"]
[GameID "191608"]

1. e4 e6 2. d4 d5 3. Nd2 Nf6 4. e5 Nfd7 5. Bd3 c5 6. c3 Nc6 7. Ne2 cxd4 8. cxd4 f6 9. f4 Bb4 10. O-O O-O
11. Nf3 fxe5 12. fxe5 h6 13. a3 Ba5 14. Nf4 Qe7 15. Ng6 Qe8 16. Nxf8 Nxf8 17. b4 Bb6 18. Be3 Bd7 19. Kh1 Rc8 20. Rc1 a5
21. b5 Ne7 22. Rxc8 Qxc8 23. Qb1
1-0

[Event "Snorlax # 19"]
[Site "SchemingMind.com"]
[Date "2009.02.09"]
[Round "-"]
[White "norlavuaram"]
[Black "Phillip Beckett"]
[Result "1/2-1/2"]
[WhiteCountry "PER"]
[BlackCountry "ENG"]
[WhiteElo "1786"]
[WhiteRD "112"]
[BlackElo "1646"]
[BlackRD "61"]
[GameID "191609"]

1. e4 e6 2. d4 d5 3. Nd2 c5 4. exd5 exd5 5. Bb5+ Nc6 6. Qe2+ Qe7 7. dxc5 Qxe2+ 8. Nxe2 Bxc5 9. Nb3 Bb6 10. Ned4 Bd7
11. Nxc6 bxc6 12. Be2 Ne7 13. O-O O-O 14. Bf4 Ng6 15. Bd6 Rfe8 16. Bf3 Ne5 17. Bxe5 Rxe5 18. Rfe1 Rae8 19. Rxe5 Rxe5 20. Kf1 Bf5
21. Rc1 Be4 22. Bxe4 Rxe4 23. Re1= Rxe1+ 24. Kxe1 Kf8 25. Ke2 Ke7 26. Nd2 Ke6 27. Nf3 Kf5 28. Ne1 Ke4 29. Nf3 h6 30. Nd2+ Ke5=
31. Nf3+ Ke4 32. Nd2+=
1/2-1/2

[Event "Snorlax # 19"]
[Site "SchemingMind.com"]
[Date "2009.02.09"]
[Round "-"]
[White "norlavuaram"]
[Black "mapache"]
[Result "0-1"]
[WhiteCountry "PER"]
[BlackCountry "URU"]
[WhiteElo "1795"]
[WhiteRD "87"]
[BlackElo "1865"]
[BlackRD "88"]
[GameID "191610"]

1. e4 c5 2. Nf3 d6 3. d4 cxd4 4. Nxd4 Nf6 5. Nc3 a6 6. Be3 g6 7. Bc4 Bg7 8. f3 Nc6 9. Qd2 Nxd4 10. Bxd4 O-O
11. O-O-O b5 12. Bb3 b4 13. Nd5 Nxd5 14. Bxg7 Kxg7 15. Bxd5 Rb8 16. g4 Be6 17. Qd4+ Kg8 18. h4 Qb6 19. Bxe6 fxe6 20. Qxb6 Rxb6
21. Rd3 e5 22. h5 g5 23. Rh2 h6 24. Kd2 Kf7= 25. Ke3 Ke6 26. Rhd2 Rc8 27. Rb3 Rcc6 28. c3 bxc3 29. bxc3 Rxb3 30. axb3 Rxc3+
31. Rd3 Rc5 32. Kd2 Kd7 33. b4 Rc6 34. Ra3 Kc7 35. b5 axb5 36. Ra8 b4 37. Re8 b3 38. Rxe7+ Kb8 39. Re8+ Ka7 40. Re7+ Ka6
41. Re8 b2 42. Rb8 Rb6 43. Rxb6+ Kxb6 44. Kc2 Kc5 45. Kxb2 Kd4 46. Kc2 Ke3
0-1

[Event "Snorlax # 19"]
[Site "SchemingMind.com"]
[Date "2009.02.14"]
[Round "-"]
[White "MarketTheHay"]
[Black "norlavuaram"]
[Result "1-0"]
[WhiteCountry "ENG"]
[BlackCountry "PER"]
[WhiteElo "1874"]
[WhiteRD "67"]
[BlackElo "1795"]
[BlackRD "87"]
[GameID "191611"]

1. e4 e5 2. Bc4 Nf6 3. d4 Nc6 4. Nf3 exd4 5. e5 Ne4 6. Nxd4 Nxf2 7. Bxf7+ Kxf7 8. Qf3+ Kg8 9. Qxf2 Bc5 10. Be3 Nxd4
11. O-O Qe7 12. Bxd4 Bxd4 13. Qxd4 Qe6 14. Nc3 Qb6 15. Qxb6 axb6 16. Nd5 h6 17. Nxc7 Ra5 18. Rfe1 Rc5 19. Ne8 Kf8 20. Nd6 Ke7
21. c3 Rf8 22. Rad1 Ke6 23. Nxc8 Rcxc8 24. Rd6+ Ke7 25. Rxb6 Rc7 26. Rg6 Rf7 27. e6 dxe6 28. Rgxe6+ Kd7 29. R6e4 Kc6 30. Rc4+ Kd7
31. Rd1+ Ke8 32. Rxc7 Rxc7 33. Kf2 Ke7 34. Ke3 Ke6 35. Kd3 Rd7+ 36. Kc2 Rf7 37. a4 Rf4 38. b4 Rf2+ 39. Rd2 Rf7 40. Kb3 Rc7
41. a5 Rc8 42. c4 Rc7 43. b5 Rf7 44. a6 bxa6 45. bxa6 Ra7 46. Ra2 Kd6 47. Kb4 Kc6 48. Re2 Kd6 49. Kb5
1-0

[Event "Snorlax # 19"]
[Site "SchemingMind.com"]
[Date "2009.02.11"]
[Round "-"]
[White "keen"]
[Black "norlavuaram"]
[Result "0-1"]
[WhiteCountry "SCO"]
[BlackCountry "PER"]
[WhiteElo "1671"]
[WhiteRD "56"]
[BlackElo "1795"]
[BlackRD "87"]
[GameID "191612"]

1. d4 Nf6 2. e3 g6 3. b3 Bg7 4. Bb2 O-O 5. Nd2 d5 6. Bd3 Nbd7 7. f4 c5 8. Ngf3 b6 9. h3 Bb7 10. g4 e6
11. Qe2 a6 12. O-O-O b5 13. Rdg1 c4 14. bxc4 bxc4 15. Nxc4 dxc4 16. Bxc4 Rc8 17. Rh2 Bxf3 18. Qxf3 Rxc4
0-1

[Event "Snorlax # 19"]
[Site "SchemingMind.com"]
[Date "2009.02.11"]
[Round "-"]
[White "Joe Daudish"]
[Black "norlavuaram"]
[Result "1-0"]
[WhiteCountry "USA"]
[BlackCountry "PER"]
[WhiteElo "1698"]
[WhiteRD "45"]
[BlackElo "1795"]
[BlackRD "87"]
[GameID "191613"]

1. d4 Nf6 2. Nf3 g6 3. Bf4 Bg7 4. h3 O-O 5. e3 d6 6. Bc4 Nbd7 7. O-O c6 8. Nbd2 c5 9. c3 a6 10. Re1 b5
11. Bb3 Bb7 12. a3 Rc8 13. Rc1 c4 14. Bc2 Nb6 15. e4 d5 16. e5 Ne8 17. Nh2 Nc7 18. Ng4 Ne6 19. Bg3 a5 20. Nf3 h5
21. Ne3 Bh6 22. Qe2 Nf4 23. Bxf4 Bxf4 24. g3 Bh6 25. Rb1 Rc6 26. Kg2 Bc8 27. Rh1 Kg7 28. Nh4 Na8 29. f4 Kg8 30. Rbf1 Nc7
31. f5 gxf5 32. Nexf5 Bxf5 33. Nxf5 Bg7 34. Qxh5 Rg6 35. Nxg7 Kxg7 36. Bxg6 fxg6 37. Qg5 Ne6 38. Qg4 Rxf1 39. Rxf1 Qg8 40. h4 Kh6
41. Qf3 Kg7 42. Kh2 Qf8 43. Qxf8+ Nxf8 44. Kh3 a4 45. g4 Ne6 46. g5 Kg8 47. Kg4 Kg7 48. h5 gxh5+ 49. Kxh5 Nd8 50. g6 e6
51. Kg5 Kg8 52. Kf6
1-0

[Event "Snorlax # 19"]
[Site "SchemingMind.com"]
[Date "2009.02.11"]
[Round "-"]
[White "aadaam"]
[Black "norlavuaram"]
[Result "0-1"]
[WhiteCountry "INT"]
[BlackCountry "PER"]
[WhiteElo "1753"]
[WhiteRD "46"]
[BlackElo "1786"]
[BlackRD "112"]
[GameID "191614"]

1. d4 Nf6 2. c4 g6 3. Nc3 Bg7 4. e4 d6 5. Nf3 O-O 6. Be2 e5 7. O-O Nc6 8. d5 Ne7 9. b4 Nd7 10. Bb2 f5
11. Qc2 Nf6 12. Rfd1 h6 13. c5 f4 14. a4 g5 15. cxd6 cxd6 16. Nd2 g4 17. f3 Ng6 18. b5 Nh4 19. Ra3 gxf3 20. Nxf3 Ng4
21. Bc1 Nxf3+ 22. Bxf3 Qb6+ 23. Kf1 Nxh2+ 24. Ke2 Ng4
0-1

[Event "Snorlax # 19"]
[Site "SchemingMind.com"]
[Date "2009.02.11"]
[Round "-"]
[White "Phillip Beckett"]
[Black "norlavuaram"]
[Result "0-1"]
[WhiteCountry "ENG"]
[BlackCountry "PER"]
[WhiteElo "1646"]
[WhiteRD "61"]
[BlackElo "1786"]
[BlackRD "112"]
[GameID "191615"]

1. d4 Nf6 2. e3 g6 3. Bd3 Bg7 4. f4 O-O 5. Nf3 d6 6. O-O Nbd7 7. c3 c5 8. Nbd2 a6 9. Qe1 b5 10. e4 cxd4
11. cxd4 Bb7 12. e5 dxe5 13. fxe5 Nd5 14. Ne4 N7b6 15. Nc5 Bc8 16. Bg5 Ra7 17. Qd2 Re8 18. Bh6 Bh8 19. Ng5 f6 20. exf6 exf6
21. Nge4 f5 22. Ng5 Rae7 23. Rfe1 Bxd4+ 24. Kf1 Bxc5
0-1

[Event "Snorlax # 19"]
[Site "SchemingMind.com"]
[Date "2009.02.11"]
[Round "-"]
[White "mapache"]
[Black "norlavuaram"]
[Result "1/2-1/2"]
[WhiteCountry "URU"]
[BlackCountry "PER"]
[WhiteElo "1748"]
[WhiteRD "108"]
[BlackElo "1786"]
[BlackRD "112"]
[GameID "191616"]

1. e4 e5 2. Nf3 Nc6 3. Bc4 Bc5 4. b4 Bxb4 5. c3 Ba5 6. d4 exd4 7. O-O d6 8. Qb3 Qe7 9. e5 dxe5 10. Ba3 Qf6
11. cxd4 exd4 12. Nbd2 Bxd2 13. Nxd2 Nge7 14. Rae1 O-O 15. Qg3 Be6 16. Qxc7 Rfc8 17. Qxb7 Rab8 18. Qa6 Bxc4=
1/2-1/2

[Event "Snorlax # 19"]
[Site "SchemingMind.com"]
[Date "2009.02.11"]
[Round "-"]
[White "fouche"]
[Black "norlavuaram"]
[Result "0-1"]
[WhiteCountry "COL"]
[BlackCountry "PER"]
[WhiteElo "1525"]
[WhiteRD "51"]
[BlackElo "1786"]
[BlackRD "112"]
[GameID "191682"]

1. d4 Nf6 2. c4 g6 3. Nc3 Bg7 4. Nf3 O-O 5. e4 d6 6. Bd3 Nbd7 7. O-O e5 8. d5 Ne8 9. Be3 f5 10. Bg5 Ndf6
11. Qd2 f4 12. Rac1 h6 13. Bxf6 Nxf6 14. Ne2 g5 15. h3 g4 16. hxg4 Bxg4 17. Nh2 f3 18. Ng3 fxg2 19. Kxg2 Qd7 20. Rg1 Nh5
21. Be2 Bh3+ 22. Kh1 Nxg3+ 23. fxg3 Rf2 24. Qe3 Raf8 25. g4 h5 26. Qxh3 Rxe2 27. Qxh5 Rff2 28. Nf1 Qf7 29. Qh3 Qf4 30. Rg3 Qxc1
0-1

[Event "Snorlax # 19"]
[Site "SchemingMind.com"]
[Date "2009.02.14"]
[Round "-"]
[White "fouche"]
[Black "MarketTheHay"]
[Result "0-1"]
[WhiteCountry "COL"]
[BlackCountry "ENG"]
[WhiteElo "1525"]
[WhiteRD "51"]
[BlackElo "1910"]
[BlackRD "68"]
[GameID "191683"]

1. c4 g6 2. Nc3 b6 3. d4 Bb7 4. e3 d6 5. Bd3 Nd7 6. Nf3 Bg7 7. e4 e6 8. Be3 Ne7 9. Qd2 h6 10. O-O a6
11. Rad1 Kf8 12. Rfe1 Kg8 13. b4 Kh7 14. a4 c6 15. Bb1 e5 16. d5 c5 17. Na2 Bc8 18. h3 f5 19. bxc5 bxc5 20. Nh4 f4
21. Bxf4 exf4 22. Qxf4 Ne5 23. Rc1 g5 24. Qg3 gxh4 25. Qe3 N5g6 26. f4 Bd4
0-1

[Event "Snorlax # 19"]
[Site "SchemingMind.com"]
[Date "2009.02.10"]
[Round "-"]
[White "fouche"]
[Black "keen"]
[Result "0-1"]
[WhiteCountry "COL"]
[BlackCountry "SCO"]
[WhiteElo "1525"]
[WhiteRD "51"]
[BlackElo "1650"]
[BlackRD "57"]
[GameID "191684"]

1. Nf3 Nf6 2. d4 g6 3. c4 Bg7 4. Nc3 d6 5. e3 O-O 6. Bd3 Nc6 7. O-O e5 8. d5 Ne7 9. e4 Ne8 10. Be3 f5
11. Bg5 Nf6 12. h3 fxe4 13. Nxe4 Bf5 14. Qd2 Nxe4 15. Bxe4 Bxe4 16. Rac1 Bxf3 17. gxf3 Rxf3 18. Kh2 Qd7 19. Rh1 Rxh3+ 20. Kg2 Qg4+
0-1

[Event "Snorlax # 19"]
[Site "SchemingMind.com"]
[Date "2009.02.11"]
[Round "-"]
[White "fouche"]
[Black "Joe Daudish"]
[Result "0-1"]
[WhiteCountry "COL"]
[BlackCountry "USA"]
[WhiteElo "1525"]
[WhiteRD "51"]
[BlackElo "1720"]
[BlackRD "45"]
[GameID "191685"]

1. d4 d5 2. c4 e6 3. Nc3 Nf6 4. Bg5 Be7 5. Nf3 h6 6. Bh4 O-O 7. e3 b6 8. cxd5 Nxd5 9. Bxe7 Nxe7 10. Bc4 Bb7
11. O-O Nd5 12. a3 Nxc3 13. bxc3 Nd7 14. Re1 c5 15. e4 Nf6 16. Qc2 cxd4 17. cxd4 Rc8 18. Qd3 Nxe4 19. Rac1 Nd6 20. Ne5 Nxc4
21. Nxc4 Qd5 22. f3 Ba6 23. Ne3 Bxd3 24. Nxd5 exd5 25. Rxc8 Rxc8
0-1

[Event "Snorlax # 19"]
[Site "SchemingMind.com"]
[Date "2009.02.10"]
[Round "-"]
[White "fouche"]
[Black "aadaam"]
[Result "0-1"]
[WhiteCountry "COL"]
[BlackCountry "INT"]
[WhiteElo "1571"]
[WhiteRD "53"]
[BlackElo "1739"]
[BlackRD "49"]
[GameID "191686"]

1. d4 e6 2. c4 Nf6 3. Nc3 d5 4. Bg5 Be7 5. Nf3 O-O 6. e3 Re8 7. Rc1 Nbd7 8. cxd5 exd5 9. Bd3 h6 10. Bh4 c6
11. O-O Nf8 12. Ne5 Ne6 13. a3 Nd7 14. Bxe7 Rxe7 15. f4 Nxe5 16. fxe5 Bd7 17. Ne2 Qb6 18. Rc2 Rf8 19. Bf5 Ng5 20. h4 Bxf5
21. Rxf5 Ne4 22. Kh2 g6 23. Rf1 f6 24. Ng3 Nxg3 25. Kxg3 fxe5 26. Rxf8+ Kxf8 27. Rf2+ Kg7 28. Qg4 exd4 29. exd4 Qc7+ 30. Kh3 Re4
31. Qf3 Re7 32. Qf6+ Kh7 33. h5 Qd7+ 34. Kh2 gxh5 35. Rf3 Qe6 36. Qf8 Rg7 37. Qf4 Qg4 38. Qf5+ Qxf5 39. Rxf5 Kg6 40. Re5 Rf7
41. Kg3 b5 42. b3 a5 43. Re6+ Rf6 44. Re8 Kf5 45. Kf3 Re6 46. Ra8 Re4 47. Rxa5 Rxd4 48. Ra6 Rd3+ 49. Ke2 Rxb3 50. Rxc6 Rxa3
51. Rc5 Ke4 52. Rxb5 Ra2+ 53. Ke1 h4 54. Kf1 d4 55. Rh5 Ke3 56. Kg1 d3 57. Rxh6 Ra1+ 58. Kh2 d2
0-1

[Event "Snorlax # 19"]
[Site "SchemingMind.com"]
[Date "2009.02.10"]
[Round "-"]
[White "fouche"]
[Black "Phillip Beckett"]
[Result "0-1"]
[WhiteCountry "COL"]
[BlackCountry "ENG"]
[WhiteElo "1525"]
[WhiteRD "51"]
[BlackElo "1646"]
[BlackRD "61"]
[GameID "191687"]

1. d4 d5 2. c4 e6 3. Nc3 Nf6 4. Bg5 Be7 5. Nf3 h6 6. Bh4 O-O 7. e3 Ne4 8. Bxe7 Qxe7 9. Rc1 Nxc3 10. bxc3 c6
11. cxd5 exd5 12. Bd3 Bg4 13. O-O Nd7 14. Re1 Nf6 15. c4 dxc4 16. Bxc4 Rad8 17. h3 Be6 18. e4 Bxc4 19. Rxc4 Rfe8 20. e5 Nd5
21. a3 Nb6 22. Rc2 Qxa3 23. Rd2 Nc4 24. Rd3 Qb2 25. Re2 Qb5 26. Nh4 Nb2
0-1

[Event "Snorlax # 19"]
[Site "SchemingMind.com"]
[Date "2009.02.11"]
[Round "-"]
[White "fouche"]
[Black "mapache"]
[Result "0-1"]
[WhiteCountry "COL"]
[BlackCountry "URU"]
[WhiteElo "1571"]
[WhiteRD "53"]
[BlackElo "1865"]
[BlackRD "88"]
[GameID "191688"]

1. d4 Nf6 2. c4 g6 3. Nc3 Bg7 4. e4 d6 5. Be3 Nbd7 6. Bd3 c5 7. d5 Ne5 8. Nf3 Bg4 9. Be2 Bxf3 10. gxf3 a6
11. f4 Ned7 12. O-O O-O 13. Kh1 Rb8 14. Rg1 Qa5 15. f5 b5 16. cxb5 axb5 17. fxg6 hxg6 18. f4 b4 19. Na4 Nxe4 20. f5 Ne5
21. Rb1 gxf5 22. Bh6 Nf2+
0-1

[Event "Snorlax # 19"]
[Site "SchemingMind.com"]
[Date "2009.02.11"]
[Round "-"]
[White "norlavuaram"]
[Black "fouche"]
[Result "1/2-1/2"]
[WhiteCountry "PER"]
[BlackCountry "COL"]
[WhiteElo "1795"]
[WhiteRD "87"]
[BlackElo "1571"]
[BlackRD "53"]
[GameID "191689"]

1. e4 e6 2. d4 d5 3. Nd2 dxe4 4. Nxe4 Nf6 5. Bg5 Be7 6. Nxf6+ Bxf6 7. Bxf6 Qxf6 8. Nf3 Nc6 9. Bb5 Bd7 10. O-O O-O
11. c3 Rad8 12. Qc2 a6 13. Bd3 g6 14. Rae1 Rfe8 15. Ne5 Nxe5 16. Rxe5 Bc6 17. Be4 Bxe4 18. Qxe4= c6 19. Re1 Rd5 20. f4 Red8
21. g3= Rxe5 22. Qxe5 Qxe5 23. Rxe5= Kg7 24. Kf2= Kf6 25. Kf3 Rd5 26. Ke4 Ke7 27. c4 f5+ 28. Kd3 Rd8 29. b4 b6 30. a4 b5
31. cxb5 cxb5 32. axb5 axb5 33. Rxb5 h5 34. Rb7+ Kd6 35. b5 Ra8 36. Rb6+ Kd5 37. Ra6 Rb8 38. b6 Rb7 39. Ra5+ Kc6 40. Re5 Kd6
41. Rb5 Kc6 42. Re5 Kd6=
1/2-1/2

[Event "Snorlax # 19"]
[Site "SchemingMind.com"]
[Date "2009.02.14"]
[Round "-"]
[White "MarketTheHay"]
[Black "fouche"]
[Result "1-0"]
[WhiteCountry "ENG"]
[BlackCountry "COL"]
[WhiteElo "1910"]
[WhiteRD "68"]
[BlackElo "1525"]
[BlackRD "51"]
[GameID "191690"]

1. e4 c5 2. Nf3 Nc6 3. d4 cxd4 4. Nxd4 d6 5. Nc3 Nf6 6. Bg5 e6 7. Qd2 a6 8. O-O-O Be7 9. f4 O-O 10. Bc4 Nxd4
11. Qxd4 Qa5 12. e5 dxe5 13. fxe5 Nd5 14. Bxe7 Nxe7 15. Rhe1 b5 16. Bd3 Rd8 17. Qh4 Ng6 18. Bxg6 Rxd1+ 19. Rxd1 fxg6 20. Rd8+
1-0

[Event "Snorlax # 19"]
[Site "SchemingMind.com"]
[Date "2009.02.11"]
[Round "-"]
[White "keen"]
[Black "fouche"]
[Result "0-1"]
[WhiteCountry "SCO"]
[BlackCountry "COL"]
[WhiteElo "1650"]
[WhiteRD "57"]
[BlackElo "1525"]
[BlackRD "51"]
[GameID "191691"]

1. d4 Nf6 2. e3 e6 3. Bd3 d5 4. Nd2 Nbd7 5. f4 c5 6. c3 Be7 7. Ngf3 O-O 8. O-O c4 9. Bc2 b5 10. Ne5 a5
11. Qf3 Bb7 12. g4 Nxe5 13. dxe5 Qb6 14. h3 d4 15. Qf2 dxe3 16. exf6 exf2+
0-1

[Event "Snorlax # 19"]
[Site "SchemingMind.com"]
[Date "2009.02.11"]
[Round "-"]
[White "Joe Daudish"]
[Black "fouche"]
[Result "0-1"]
[WhiteCountry "USA"]
[BlackCountry "COL"]
[WhiteElo "1698"]
[WhiteRD "45"]
[BlackElo "1571"]
[BlackRD "53"]
[GameID "191692"]

1. d4 Nf6 2. Nf3 e6 3. Bf4 d5 4. h3 Bd6 5. Bxd6 cxd6 6. c3 Nc6 7. e3 O-O 8. Be2 Re8 9. O-O e5 10. dxe5 dxe5
11. Nbd2 e4 12. Nd4 Nxd4 13. cxd4 Bd7 14. Nb3 b6 15. Rc1 a5 16. Nd2 Rc8 17. Rxc8 Qxc8 18. Qc1 Qxc1 19. Rxc1 Rc8 20. Rxc8+ Bxc8
21. Bb5 Bd7 22. Bxd7 Nxd7 23. Kf1 Kf8 24. f3 exf3 25. Nxf3 f6 26. Ke2 g5 27. g4 Ke7 28. Kd3 Kd6 29. e4 h6 30. h4 b5
31. hxg5 dxe4+ 32. Kxe4 fxg5 33. Kf5 Kd5 34. Kg6 Ke4 35. Nxg5+ hxg5 36. Kxg5 Kxd4 37. Kf5 a4 38. g5 Nf8 39. Kf6 Nh7+ 40. Kf5 Nxg5
41. Kxg5 Kd3 42. Kf4 Kc2 43. b3 axb3 44. axb3 Kxb3 45. Ke3 Kc2 46. Kd4 b4
0-1

[Event "Snorlax # 19"]
[Site "SchemingMind.com"]
[Date "2009.02.11"]
[Round "-"]
[White "aadaam"]
[Black "fouche"]
[Result "1-0"]
[WhiteCountry "INT"]
[BlackCountry "COL"]
[WhiteElo "1753"]
[WhiteRD "46"]
[BlackElo "1525"]
[BlackRD "51"]
[GameID "191693"]

1. d4 Nf6 2. c4 e6 3. Nc3 d5 4. cxd5 exd5 5. Bg5 Bb4 6. a3 Bxc3+ 7. bxc3 O-O 8. e3 Bg4 9. f3 Bh5 10. Nh3 Re8
11. Qd2 c6 12. c4 Nbd7 13. cxd5 cxd5 14. Bd3 Qb6 15. O-O Rac8 16. Nf4 Bg6 17. Nxg6 hxg6 18. Rfb1 Qe6 19. Rxb7 Nh5 20. Bb5 f6
21. Bxd7 Qa6 22. Bxc8 Rxc8 23. Qb4 fxg5 24. Qe7 Qe2 25. Qe6+ Kh7 26. Qxc8
1-0

[Event "Snorlax # 19"]
[Site "SchemingMind.com"]
[Date "2009.02.11"]
[Round "-"]
[White "Phillip Beckett"]
[Black "fouche"]
[Result "0-1"]
[WhiteCountry "ENG"]
[BlackCountry "COL"]
[WhiteElo "1646"]
[WhiteRD "61"]
[BlackElo "1525"]
[BlackRD "51"]
[GameID "191694"]

1. d4 Nf6 2. e3 e6 3. Bd3 d5 4. f4 Nbd7 5. Nf3 Ne4 6. Nbd2 f5 7. O-O Be7 8. Ne5 Nxe5 9. fxe5 O-O 10. Nxe4 fxe4
11. Be2 Bd7 12. Bd2 c5 13. c3 c4 14. Bg4 Rxf1+ 15. Qxf1 Qf8 16. Qxf8+ Rxf8 17. Rf1 Rxf1+ 18. Kxf1 Kf7 19. Kf2 g6 20. Kg3 Ba4
21. Be1 Bc2 22. Be2 b5 23. a3= Ke8 24. Kg4 h5+ 25. Kg3 Kd7 26. Kf2 Kc6 27. Bd2 Kb6 28. g4 h4 29. Kg2 g5 30. h3 Ka5
31. Kf2 Ka4 32. Ke1 Bxa3 33. bxa3 Kxa3 34. Bd1 Kb3
0-1

[Event "Snorlax # 19"]
[Site "SchemingMind.com"]
[Date "2009.02.12"]
[Round "-"]
[White "mapache"]
[Black "fouche"]
[Result "1/2-1/2"]
[WhiteCountry "URU"]
[BlackCountry "COL"]
[WhiteElo "1748"]
[WhiteRD "108"]
[BlackElo "1525"]
[BlackRD "51"]
[GameID "191695"]

1. e4 c6 2. d4 d5 3. exd5 cxd5 4. Nf3 Nf6 5. Be2 Bg4 6. Nc3 e6 7. O-O a6 8. Bg5 Be7 9. Ne5 Bxe2 10. Nxe2 O-O
11. Ng3 Nc6 12. c3 Rc8 13. Bxf6 Bxf6 14. Ng4 Be7 15. Re1 Re8 16. Ne5 Bh4 17. Qh5 Nxe5 18. Qxe5 Bf6 19. Qh5 Qc7 20. Qg4=
1/2-1/2